[Event "North American-ch U14"]
[Site "Montreal"]
[Date "2010.08.18"]
[Round "5"]
[White "Shen, Arthur"]
[Black "Ding, Andrew"]
[Result "1-0"]
[WhiteElo "2220"]
[BlackElo "2049"]
[PlyCount "67"]
[EventDate "2010.08.16"]
[EventType "swiss"]
[EventRounds "7"]
[EventCountry "CAN"]
[SourceTitle "EXT 2013"]
[Source "ChessBase"]
[SourceDate "2012.11.22"]
[SourceVersion "1"]
[SourceVersionDate "2012.11.22"]
[SourceQuality "1"]

1. e4 c5 2. Nf3 e6 3. d4 cxd4 4. Nxd4 a6 5. Nc3 Qc7 6. Bd3 Nf6 7. f4 d6 8. 0-0 Nbd7 9. Kh1 b5 10. Bd2 Bb7 11. Qe2 g6 12. f5 e5 13. Ne6 fxe6 14. fxe6 Bg7 15. exd7+ Qxd7 16. b4 0-0 17. a4 bxa4 18. Nxa4 Rad8 19. Nc3 d5 20. exd5 Nxd5 21. Nxd5 Bxd5 22. Rxf8+ Rxf8 23. Bxa6 Qf5 24. Be3 Ra8 25. b5 Qe4 26. Re1 Bc4 27. Bb7 Qxb7 28. Qxc4+ Kh8 29. Qb3 Bf8 30. c4 Ra3 31. Qb2 Qe4 32. Bf2 Qxc4 33. Qxe5+ Kg8 34. Bd4 1-0

[Event "North American-ch U14"]
[Site "Montreal"]
[Date "2010.08.16"]
[Round "2"]
[White "Qin, Zi Yi"]
[Black "Ding, Andrew"]
[Result "1/2-1/2"]
[WhiteElo "2329"]
[BlackElo "2049"]
[PlyCount "118"]
[EventDate "2010.08.16"]
[EventType "swiss"]
[EventRounds "7"]
[EventCountry "CAN"]
[SourceTitle "EXT 2013"]
[Source "ChessBase"]
[SourceDate "2012.11.22"]
[SourceVersion "1"]
[SourceVersionDate "2012.11.22"]
[SourceQuality "1"]

1. e4 c5 2. Nf3 e6 3. d4 cxd4 4. Nxd4 a6 5. Be2 Qc7 6. 0-0 b5 7. Bf3 Bb7 8. Nc3 d6 9. Bg5 Nd7 10. Bh5 g6 11. Bf3 Ngf6 12. a3 e5 13. Nb3 Bg7 14. Qe2 0-0 15. Nd2 Nc5 16. Be3 Ne6 17. Nb3 Rad8 18. Rfd1 Nd7 19. a4 b4 20. Nd5 Bxd5 21. exd5 Nf4 22. Qd2 Rb8 23. g3 Nh5 24. Bxh5 gxh5 25. Rac1 e4 26. Bd4 Ne5 27. Bxe5 Bxe5 28. Nd4 Qc5 29. Nc6 Rbe8 30. Qxb4 Qxb4 31. Nxb4 Bxb2 32. Rb1 Be5 33. Nc6 h4 34. Nxe5 Rxe5 35. Rb6 Rc8 36. Rd2 h3 37. Kf1 Rf5 38. Ke2 Rf6 39. a5 Rc3 40. Rb3 Rc5 41. Re3 Rc4 42. g4 Ra4 43. Rxh3 Rxa5 44. c4 Rf4 45. Rh6 f6 46. Ke3 Rxg4 47. Rxf6 Ra3+ 48. Ke2 Rg2 49. Re6 Rf3 50. Ke1 Rxh2 51. Rxe4 Rb3 52. Re6 Rb6 53. c5 Rb1+ 54. Ke2 dxc5 55. d6 Rb8 56. d7 Kf7 57. Rxa6 Rd8 58. Rc6 Ke7 59. Rxc5 Rxd7 1/2-1/2